000 00347nam a2200157Ia 4500
100 _aAvadhanulu/M.N/ Kshirsagar/P.G
650 _aPhysics
250 _a9
942 _cBK
366 _f15
245 _aTextbook of Engineering Physics
260 _bS.Chand and Co.
_c2011
082 _a530
_bAVA
546 _aENGLISH
_cComputers
999 _c29836
_d29836